LDR 00868naa#a2200169#i#450# 001 RU\INFRA-M\bibl\115900 005 20260418142540.6 011 ## _a2500-0543 100 ## _a20260401b2026####ek#y0rusy0150####ca 102 ## _aRU 200 1# _aКогнитивные особенности сотрудников органов внутренних дел с информационно-психологической устойчивостью и виктимностью _eЖурнальная статья 210 1# _aМосква _cОбщество с ограниченной ответственностью «Научно-издательский центр ИНФРА-М» _d2026 215 ## _a16 с. 608 ## _aЖурнальная статья _2local 675 ## _aПсихология. 159.9 _z 700 #1 _aЦимбал _gАлександр Сергеевич 856 4# _anaukaru.ru _u